<The> analysis of motivation and improvement of reward system diplomová práca

Gespeichert in:
Bibliographische Detailangaben
1. Verfasser: Porubec, Ondrej
Körperschaft: Ekonomická univerzita v Bratislave. Ústav medzinárodných programov
Weitere Verfasser: Gálik, Rudolf
Format: Buch
Sprache:Englisch
Veröffentlicht: Bratislava 2010
Tags: Tag hinzufügen
Keine Tags, Fügen Sie das erste Tag hinzu!

MARC

LEADER 00000nam a2200000 4500
001 0119519
005 20240318114115.2
041 0 |a eng 
044 |a SK 
245 1 0 |a <The> analysis of motivation and improvement of reward system  |b diplomová práca  |c Ondrej Porubec ; škol. Rudolf Gálik 
264 1 |a Bratislava  |c 2010 
300 |a 86 s. 
100 1 |a Porubec, Ondrej 
700 1 |a Gálik, Rudolf 
710 2 |a Ekonomická univerzita v Bratislave. Ústav medzinárodných programov